000 01013nam0a22002651 4500
001 rc\2986520
005 20110912160726.9
035 _a(NLR Aleph) 007130984
090 _a6959079
_c6959079
100 _a20071125d1933 |||y0rusy50 ca
101 1 _arus
_cger
102 _aRU
105 _aa z ||||y
200 1 _aПрактика закалки стали
_fВ. Фабиан
_gПер. инж. Э.Т. Лянда
_gПод ред. Я.Л. Фрида
210 _aМосква
_aЛенинград
_cМеталлургиздат
_d1933
_e[Москва]
_g16 тип. треста "Полиграфкнига"
215 _aОбл., 81, [2] с.
_cил.
_d20х13 см
300 _aНа обороте тит. л.: "Praktische Härtereifibel. Von Victor Fabian. 1930. VDI-Verlag"
700 1 _aФабиан
_bВ.
_gВиктор
702 1 _aЛянд
_bЭ. Т.
_4730
702 1 _aФрид
_bЯ. Л.
_4340
801 0 _aRU
_bNLR
_gpsbo
801 1 _aRU
_bELAR
_2rusmarc
852 _aNLR
_j33-10/2215
942 _cBOOK
980 _aNB